[Event "Bergisch Gladbach-ch 22nd"]
[Site "Bergisch Gladbach"]
[Date "2000.09.08"]
[Round "5"]
[White "Giehl, Thomas"]
[Black "Mertens, Norbert"]
[Result "1-0"]
[WhiteElo "1850"]
[BlackElo "1683"]
[PlyCount "45"]
[EventDate "2000.08.??"]
[EventType "swiss"]
[EventRounds "7"]
[EventCountry "GER"]
[SourceTitle "EXT 2005"]
[Source "ChessBase"]
[SourceDate "2004.11.15"]
[SourceVersion "1"]
[SourceVersionDate "2004.11.15"]
[SourceQuality "1"]

1. c4 c5 2. Nc3 Nc6 3. Nf3 Nf6 4. g3 g6 5. Bg2 Bg7 6. 0-0 0-0 7. d4 cxd4 8. Nxd4 Rb8 9. Bf4 Ra8 10. e4 Nh5 11. Be3 Nxd4 12. Bxd4 e5 13. Bc5 Re8 14. Nb5 Bf8 15. Bxf8 Rxf8 16. Qd6 Qf6 17. Rfd1 Qxd6 18. Rxd6 Ng7 19. Bh3 Rd8 20. Rad1 f5 21. exf5 Nxf5 22. Bxf5 gxf5 23. R1d5 1-0